<?xml version="1.0" encoding="UTF-8"?><?xml-stylesheet type="text/xsl" href="static/style.xsl"?><OAI-PMH xmlns="http://www.openarchives.org/OAI/2.0/" xmlns:xsi="http://www.w3.org/2001/XMLSchema-instance" xsi:schemaLocation="http://www.openarchives.org/OAI/2.0/ http://www.openarchives.org/OAI/2.0/OAI-PMH.xsd"><responseDate>2026-04-17T03:17:58Z</responseDate><request verb="GetRecord" identifier="oai:www.recercat.cat:2445/215294" metadataPrefix="marc">https://recercat.cat/oai/request</request><GetRecord><record><header><identifier>oai:recercat.cat:2445/215294</identifier><datestamp>2025-12-05T15:00:53Z</datestamp><setSpec>com_2072_1057</setSpec><setSpec>col_2072_478917</setSpec><setSpec>col_2072_478937</setSpec></header><metadata><record xmlns="http://www.loc.gov/MARC21/slim" xmlns:dcterms="http://purl.org/dc/terms/" xmlns:xsi="http://www.w3.org/2001/XMLSchema-instance" xmlns:doc="http://www.lyncode.com/xoai" xsi:schemaLocation="http://www.loc.gov/MARC21/slim http://www.loc.gov/standards/marcxml/schema/MARC21slim.xsd">
   <leader>00925njm 22002777a 4500</leader>
   <datafield ind2=" " ind1=" " tag="042">
      <subfield code="a">dc</subfield>
   </datafield>
   <datafield ind2=" " ind1=" " tag="720">
      <subfield code="a">Fuertes i Alpiste, Marc</subfield>
      <subfield code="e">author</subfield>
   </datafield>
   <datafield ind2=" " ind1=" " tag="260">
      <subfield code="c">2024-09-19T13:11:38Z</subfield>
   </datafield>
   <datafield ind2=" " ind1=" " tag="260">
      <subfield code="c">2024-09-19T13:11:38Z</subfield>
   </datafield>
   <datafield ind2=" " ind1=" " tag="260">
      <subfield code="c">2024-09-12</subfield>
   </datafield>
   <datafield ind2=" " ind1=" " tag="260">
      <subfield code="c">2024-09-19T13:11:38Z</subfield>
   </datafield>
   <datafield ind2=" " ind1=" " tag="520">
      <subfield code="a">Las aplicaciones de IA generativa permiten funciones útiles para el aprendizaje basadas en la generación de contenidos. Este artículo ofrece un marco teórico para entenderlas como herramientas para la cognición (HPC), enmarcado en la perspectiva de la teoría sociocultural, la teoría de la actividad y la cognición distribuida. Esta perspectiva ejemplifica cómo el pensamiento no sólo está empaquetado dentro de la mente, sino que se distribuye entre sujetos, objetos y artefactos, donde las herramientas median la actividad humana y ayudan en las funciones ejecutivas del pensamiento. Encarna una visión en la que los alumnos construyen su conocimiento con ellas, aprovechando sus posibilidades. Es la concepción de aprender "con" la tecnología en lugar de la visión tradicional de aprender "de" la tecnología, donde las aplicaciones tecnológicas se limitan a proporcionar información y evaluar las respuestas de los estudiantes. Finalmente, describimos las aplicaciones de IA Generativa como HPC siguiendo los criterios pragmáticos y pedagógicos de David Jonassen, como la capacidad de representación del conocimiento, la facilitación del pensamiento crítico y significativo (basado en preguntas y prompts) y cómo permiten el pensamiento complejo entre estudiantes cuando se utilizan en tareas de aprendizaje, solamente cuando las funciones ejecutivas las realizan ellos.</subfield>
   </datafield>
   <datafield tag="653" ind2=" " ind1=" ">
      <subfield code="a">Educació</subfield>
   </datafield>
   <datafield tag="653" ind2=" " ind1=" ">
      <subfield code="a">Ensenyament assistit per ordinador</subfield>
   </datafield>
   <datafield tag="653" ind2=" " ind1=" ">
      <subfield code="a">Intel·ligència artificial</subfield>
   </datafield>
   <datafield tag="653" ind2=" " ind1=" ">
      <subfield code="a">Aprenentatge</subfield>
   </datafield>
   <datafield tag="653" ind2=" " ind1=" ">
      <subfield code="a">Cognició</subfield>
   </datafield>
   <datafield tag="653" ind2=" " ind1=" ">
      <subfield code="a">Pensament crític</subfield>
   </datafield>
   <datafield tag="653" ind2=" " ind1=" ">
      <subfield code="a">Education</subfield>
   </datafield>
   <datafield tag="653" ind2=" " ind1=" ">
      <subfield code="a">Computer-assisted instruction</subfield>
   </datafield>
   <datafield tag="653" ind2=" " ind1=" ">
      <subfield code="a">Artificial intelligence</subfield>
   </datafield>
   <datafield tag="653" ind2=" " ind1=" ">
      <subfield code="a">Learning</subfield>
   </datafield>
   <datafield tag="653" ind2=" " ind1=" ">
      <subfield code="a">Cognition</subfield>
   </datafield>
   <datafield tag="653" ind2=" " ind1=" ">
      <subfield code="a">Critical thinking</subfield>
   </datafield>
   <datafield ind2="0" ind1="0" tag="245">
      <subfield code="a">Enmarcando las aplicaciones de IA generativa como herramientas para la cognición en educación</subfield>
   </datafield>
   <datafield ind2="0" ind1="0" tag="245">
      <subfield code="a">Framing Generative AI applications as tools for cognition in education</subfield>
   </datafield>
</record></metadata></record></GetRecord></OAI-PMH>